Statistics for Doctor Who 50th Anniversary Quiz

Click here to take the quiz!

General Stats

  • This quiz has been taken 822 times
    (583 since last reset)
  • The average score is 15 of 22

Answer Stats

Question Answer % Correct
Who played the Tenth Doctor?David Tennant
94%
What is the name of the famous villains that look like silver men?Cybermen
94%
What species is the Master?Time Lord
93%
What is the name of the Doctor's travel machine?TARDIS
93%
In which year was Doctor Who revived for a new series starring Christopher Eccleston?2005
92%
In The Satan Pit the Ood's eyes turned which colour when possessed by the Beast?Red
91%
Catherine Tate played which companion?Donna Noble
90%
What was the name of the actor who played the First incarnation of the Doctor?William Hartnell
86%
What foodstuff was Tom Baker's Fourth Doctor famous for carrying around with him?Jelly babies
81%
And what was it called?The Day of the Doctor
80%
What is the home planet of the Daleks?Skaro
78%
Who wrote the 50th anniversary special?Steven Moffat
74%
In what year was the TV Movie first shown in the UK?1996
68%
What is the name of the broken circuit in the Doctor's time machine that means it can't change it's appearance anymore (ie got stuck as a police box)?Chameleon Circuit
67%
In what year did the Brigadier first appear (as a Colonel)?1968
61%
Which Doctor first encountered the Ogrons?The Third Doctor
52%
An episode of City of Death achieved the programme's highest viewing figures to date. What year was it first broadcast?1979
52%
What was the 2010 (fifth modern) series finale called?The Big Bang
52%
What was the name of the first episode of Series 7, part 2 (or series 8 as some call it), first broadcast at Easter 2013?The Bells of Saint John
45%
Who was the programme's first producer?Verity Lambert
32%
What was the first story to be broadcast in colour?Spearhead from Space
29%
Who composed the original theme tune?Ron Grainer
22%

Score Distribution

Percentile by Number Answered

Percent of People with Each Score

Your Score History

You have not taken this quiz since the last reset